| 000 | 00472nam a2200193Ia 4500 | ||
|---|---|---|---|
| 003 | GCL | ||
| 008 | 140319s9999 xx 000 0 eng d | ||
| 040 |
_aGCL / _cGCL |
||
| 082 | 0 | 4 |
_a745.44 _bJ A |
| 100 | 1 | _aJEREB, JAMES | |
| 245 | 1 | 0 |
_aARTS AND CRAFTS OF MOROCCO / _cJEREB, JAMES |
| 260 |
_a[S.N] : _bTHAMES AND HUDSON ، _c1995 |
||
| 300 | _a160 P | ||
| 650 | 0 | 4 | _aART |
| 650 | 0 | 4 | _aMOROCCO |
| 650 | 0 | 4 | _aDECORATION |
| 650 | 0 | 4 | _aARTS AND CRAFTS |
| 942 |
_2ddc _cBK |
||
| 999 |
_c15346 _d15346 |
||